Movie Titles By Their Antonyms - Statistics

General Stats
  • This quiz has been taken 111 times
  • The average score is 7 of 15
Answer Stats
Synonym Movie % Correct
He's the Woman She's the Man
89%
Forward to the Past Back to the Future
87%
Death Is Ugly Life Is Beautiful
80%
The Demon Mother The Godfather
77%
It's a Horrible Death It's a Wonderful Life
70%
The Red Kilometre The Green Mile
63%
The Light Enemy The Dark Knight
50%
Sunrise Lane Sunset Boulevard
47%
Coward Mind Braveheart
41%
Front Door Rear Window
31%
Obsolete Darkness of the Filthy Heart Eternal Sunshine of the Spotless Mind
30%
Talking in the Sun Singin' in the Rain
29%
Human Robber Robocop
16%
Peace Individual Fight Club
10%
The Worst Slave The Great Dictator
1%
No matching quizzes found
Score Distribution
Percent of People with Each Score
Percentile by Number Answered
Your Score History
You have not taken this quiz